000 00817nam a2200241 i 4500
001 bg
100 1 _aWEDEKIND, Frank
_d(1864-1918)
245 1 0 _aFrühlings Erwachen :
_beine Kindertragödie /
_cFrank Wedekind ; Ammerkungen von Hans Wagener, Nachwort von Georg Hensel.
250 _aDurchges. Ausg.
260 _aStuttgart :
_bPhilipp Reclam,
_c2003.
300 _a109 s. ;
_c15 cm.
490 1 _aUniversal-Bibliothek ;
_vNr 7951
650 9 _aDramat niemiecki
_y19-20 w.
830 _aUniversal-Bibliothek ;
020 _a3150079519
040 _cBPK
041 0 _ager
080 _a821.112.2-2
920 _a3-15-007951-9
942 _cKS
008 s pl f |000 0 pol
999 _c45938
_d45938
856 _uhttp://koha.tu.koszalin.pl/cgi-bin/koha/opac-detail.pl?biblionumber=45938
_yKatalog online BPK